000 00376nam a2200157Ia 4500
008 210716s1989 xx 000 0 und d
020 _a78814766
041 _aeng
082 _a005.133 SCHH
100 _aSchildt, Herbert.
245 _aUsing turbo c.
250 _a1
260 _aUSA
_bMc Graw Hill
_c1989
300 _axi,516
650 _aProgramming Languages(005.13)
999 _c181220
_d181220